Arabic documents from early Islamic Khurasan /

محفوظ في:

المؤلف الرئيسي: Khan, Geoffrey.

مؤلف مشترك: Muʼassasat Nūr al-Ḥusayn.

التنسيق: كتاب

اللغة: English

منشور في: London : Nour Foundation : Azimuth Editions, c2007.

سلاسل: Studies in the Khalili collection ; 5.

الموضوعات:

الوسوم: إضافة وسم

لا توجد وسوم, كن أول من يضع وسما على هذه التسجيلة!

رقم الطلب: Z6605 .A6 K485

LEADER 00959nam a22002777a 4500
003 OSt
005 20251201103745.0
008 251201t2007 enkh bc 001 0 eng d
020 |a 1874780714 
040 |c ARCE Library 
050 1 4 |a Z6605 .A6  |b K485 
100 1 |a Khan, Geoffrey. 
245 1 0 |a Arabic documents from early Islamic Khurasan /   |c Geoffrey Khan. 
246 1 4 |a Arabic documents. 
264 1 |a London :   |b Nour Foundation :   |b Azimuth Editions,   |c c2007. 
300 |a 183 p. :   |b facsims. ;   |c 31 cm. 
490 0 |a Studies in the Khalili collection ;   |v 5. 
504 |a Includes bibliographical references and index. 
546 |a Text in English and Arabic. 
610 2 0 |a Nasser D. Khalili Collection of Islamic Art. 
650 4 |a Manuscripts, Arabic -- Iran -- Khurāsān -- Catalogs. 
650 0 |a Manuscripts, Arabic -- Private collections. 
710 2 |a Muʼassasat Nūr al-Ḥusayn. 
901 |a reviewed 
942 |2 lcc  |c BK 
999 |c 49548  |d 49548